| 000 | 00547nam a2200193 i 4500 | ||
|---|---|---|---|
| 001 | 30722 | ||
| 003 | ES-MaACL | ||
| 005 | 20230906154237.0 | ||
| 007 | t| | ||
| 008 | 030127s1922 xxk ||||1| eng d | ||
| 100 | 1 |
_aBell, Aubrey F. G. _927172 |
|
| 245 | 1 | 0 |
_aBenito Arias Montano / _cAubrey F. G. Bell. |
| 260 |
_aOxford : _bUniversity Press, _c1922. |
||
| 300 |
_a96 p. ; _c17 cm. |
||
| 490 | 1 | _aThe hispanic society of America | |
| 830 | 0 |
_aThe hispanic society of America _9229348 |
|
| 852 |
_aES-MaACL _jF-3519 |
||
| 999 |
_c30722 _d30722 |
||